000 01548nam2a22003491 4500
001 v19\rc\1898288
005 20251118180439.5
035 _a(NLR Aleph) 004984089
090 _a6216033
_c6216033
100 _a20251123 rusy50
101 0 _arus
102 _aRU
105 _aac z |||||
200 1 _a[Книги на русском языке]
_eВып. 1-3]
210 _d1911-1912
215 _a508 с., 2 л. ил., портр.
461 0 _1001v19\rc\1898287
_12001#$aКаталог книг Библиотеки Алексея Петровича Бахрушина$e1-$fИмп. Рос. ист. музей им. имп. Александра III$v[1
_96216025
_aИсторический музей (до 1917 г., Москва). Библиотека
_cМосква
_d1911-1912
_fИмп. Рос. ист. музей им. имп. Александра III
_nТипо-лит. торг. д. А.П. Коркин, А.В. Бейдеман и К°
_o1-
_tКаталог книг Библиотеки Алексея Петровича Бахрушина
_v[1
540 1 _aКниги на русском языке
801 0 _aRU
_bNLR
_gpsbo
801 0 _aRU
_bRuMoRGB
_2psbo
801 1 _aRU
_bProSoft-M
_2rusmarc
852 _aNLR
_jБ9890/Б-306(вып. 1, 2)
899 _aНБ МГУ
899 _aRuMoRGB
_jR 21/343
899 _aRuMoRGB
_jW 268/10
899 _aRuMoRGB
_jR 248/207
899 _aRuMoRGB
_jZ 104/330 (1-3)
899 _aRuMoRGB
_jКл 42/156
899 _aГПИБ
942 _cBOOK
980 _aNB